Development of telecommunication services in Malaysia /
Saved in:
| Main Author: | |
|---|---|
| Format: | Thesis Book |
| Language: | English |
| Published: |
1995.
|
| Subjects: | |
| Online Access: | http://studentsrepo.um.edu.my/id/eprint/2132 |
| Tags: |
Add Tag
No Tags, Be the first to tag this record!
|
| LEADER | 00962cam a2200265 a 4500 | ||
|---|---|---|---|
| 001 | u376877 | ||
| 003 | SIRSI | ||
| 008 | 851126s1995 my t 00 1 eng m | ||
| 035 | |a ABW-6165 | ||
| 040 | |a UMM | ||
| 043 | |a a-my--- | ||
| 090 | |a HF1008 |b UM 1995 Cho | ||
| 100 | 1 | 0 | |a Choong, Choon Ming. |
| 245 | 1 | 0 | |a Development of telecommunication services in Malaysia / |c by Choong Choon Ming. |
| 260 | |c 1995. | ||
| 300 | |a v, 68 leaves ; |c 30 cm. | ||
| 502 | |a Dissertation (M.B.A.) -- Fakulti Ekonomi dan Pentadbiran,Universiti Malaya, 1995. | ||
| 504 | |a Bibliography: leaves 61-63. | ||
| 610 | 2 | 0 | |a Syarikat Telekom Malaysia Berhad. |
| 650 | 0 | |a Telecommunication |z Malaysia. | |
| 710 | 2 | 0 | |a Universiti Malaya. |b Fakulti Ekonomi dan Pentadbiran. |
| 856 | 4 | 1 | |u http://studentsrepo.um.edu.my/id/eprint/2132 |
| 948 | |a 13/07/1995 |b 14/03/2003 | ||
| 596 | |a 1 | ||
| 999 | |a HF1008 UM 1995 CHO |w LC |c 1 |i A505652806 |d 26/11/2015 |e 26/11/2015 |l STACKS |m P01UTAMA |n 2 |r Y |s Y |t TESIS |u 19/12/2002 | ||
